Social movements /
Los movimientos sociales con esfuerzos colectivos que se dirigen a establecer un nuevo orden de vida social. Sus motivaciones principales tienen que ver con alguna insatisfacción con respecto al orden actual y una fuerte esperanza para la transformación. En sus orígenes los movimientos sociales son...
Uloženo v:
| Hlavní autor: | |
|---|---|
| Médium: | Text |
| Témata: | |
| Tagy: |
Přidat tag
Žádné tagy, Buďte první, kdo vytvoří štítek k tomuto záznamu!
|
MARC
| LEADER | 00000 a a2200000 04500 | ||
|---|---|---|---|
| 001 | 40047 | ||
| 003 | |||
| 040 | |||
| 100 | |a Blumer, Herber | ||
| 245 | |a Social movements / |c Herber Blumer | ||
| 520 | |a Los movimientos sociales con esfuerzos colectivos que se dirigen a establecer un nuevo orden de vida social. Sus motivaciones principales tienen que ver con alguna insatisfacción con respecto al orden actual y una fuerte esperanza para la transformación. En sus orígenes los movimientos sociales son amorfos y pobremente organizados conforme se desarrollan se asimilan a las sociedades con organización, formas culturales y tradiciones, liderazgos, división de labores, reglas, etc. Este artículo trata tres aspectos de los mismos: movimientos sociales generales, movimientos sociales específicos y movimientos sociales expresivos. | ||
| 590 | |a RRA/ENERO2010 | ||
| 650 | |a 1.MOVIMIENTOS SOCIALES | ||
| 650 | |a 2.MOVILIZACION SOCIAL | ||
| 650 | |a 3.CAMBIO SOCIAL | ||
| 650 | |a 4.TEORIA | ||
| 650 | |a 5.COMPORTAMIENTO SOCIAL | ||
| 773 | |g páginas 60-83 | ||
| 999 | |c 27471 |d 27471 | ||
